000 01158cam a22002894a 4500
001 14320900
005 20250130154014.0
008 060329s2007 caua b 001 0ceng
020 _a1412913799 (cloth : alk. paper)
020 _a9781412913799 (cloth : alk. paper)
020 _a1412913802 (pbk. : alk. paper)
020 _a9781412913805 (pbk. : alk. paper)
050 0 0 _aHD57.7
_b.P83 2007
082 0 0 _a658.4/092
_222
100 1 _aPuccio, Gerard J.
245 1 0 _aCreative leadership :
_bskills that drive change /
_cGerard J. Puccio, Mary C. Murdock, Marie Mance.
260 _aThousand Oaks, Calif. :
_bSAGE Publications,
_cc2007.
300 _axvii, 308 p. :
_bill. ;
_c24 cm.
650 0 _aLeadership.
650 0 _aCreative ability in business.
700 1 _aMurdock, Mary.
700 1 _aMance, Marie.
856 4 1 _3Table of contents only
_uhttp://www.loc.gov/catdir/toc/ecip0611/2006010667.html
856 4 2 _3Publisher description
_uhttp://www.loc.gov/catdir/enhancements/fy0657/2006010667-d.html
856 4 2 _3Contributor biographical information
_uhttp://www.loc.gov/catdir/enhancements/fy0734/2006010667-b.html
942 _2lcc
_cBK
_n0
999 _c3265
_d3265